|
|
|
|
| LEADER |
01017nam a2200265 a 4500 |
| 001 |
3524419 |
| 003 |
BD-DhAAL |
| 008 |
121030r1997 nyu b 001 0 eng d |
| 999 |
|
|
|c 12931
|d 12931
|
| 010 |
|
|
|a 96019406
|
| 020 |
|
|
|a 0415128250 (cloth)
|
| 020 |
|
|
|a 0415128269 (paper)
|
| 040 |
|
|
|a DLC
|c DLC
|d DLC
|d BD-DhAAL
|
| 082 |
0 |
0 |
|a 720.1
|2 20
|
| 245 |
0 |
0 |
|a Rethinking architecture :
|b a reader in cultural theory /
|c edited by Neil Leach.
|
| 260 |
|
|
|a New York :
|b Routledge,
|c 1997.[Reprinted]
|
| 300 |
|
|
|a xxi, 409 pages ;
|c 25 cm.
|
| 504 |
|
|
|a Includes bibliographical references and index.
|
| 526 |
|
|
|a ARC
|
| 541 |
1 |
|
|e 00026184
|
| 650 |
|
0 |
|a Architecture
|x Philosophy.
|9 25780
|
| 700 |
1 |
|
|a Leach, Neil.
|9 25781
|
| 852 |
1 |
|
|a Ayesha Abed Librar
|j General shelf
|
| 942 |
|
|
|2 ddc
|c BK
|
| 952 |
|
|
|0 0
|1 0
|2 ddc
|4 0
|6 720_000000000000000__1_RET
|7 0
|9 21359
|a BRACUL
|b BRACUL
|c CIR
|d 2012-10-30
|e Riza Enterprize
|g 12750.00
|l 0
|o 720.1 RET
|p 3010026184
|r 2012-10-30
|t 1
|w 2012-10-30
|y 1HOUR
|x One hour loan requested by ARC Department Chairperson
|